| 000 | 01312nam a2200337 i 4500 | ||
|---|---|---|---|
| 003 | DO-SdBNP | ||
| 005 | 20260309135606.0 | ||
| 007 | ta | ||
| 008 | 100322s2019 dr a 000 0 spa d | ||
| 020 | _a9789945613179 | ||
| 040 |
_aDO-SdBNP _bspa _cBNPHU _erda |
||
| 041 | _aspa | ||
| 082 | 4 |
_aRD863.42 _bD159ay _222 |
|
| 100 | 1 |
_aDamirón, Rafael _937920 _d1882-1956 _eautor _4aut. |
|
| 245 | 1 | 0 |
_a¡Ay de los vencidos! / _cRafael Damirón ; presentación, Roberto Cassá ; cuidado y corrección, Orlando Cordero. |
| 264 | 4 |
_aSanto Domingo, República Dominicana : _bArchivo General de la Nación, _c©2019. |
|
| 300 |
_a162 páginas : _bilustraciones ; _c23 cm. |
||
| 336 |
_atexto _btxt _2rdacontent |
||
| 337 |
_asin mediación _bn _2rdamedia |
||
| 338 |
_avolumen _bnc _2rdacarrier |
||
| 490 | 0 |
_aJuvenil /Archivo General de la Nación _v14 |
|
| 500 | _aIncluye datos biográficos del autor en la solapa de la cubierta | ||
| 590 | _aInventariado, 2021/ YL | ||
| 650 | 4 |
_aNovela histórica dominicana _9860 |
|
| 650 | 4 |
_aLiteratura dominicana _978574 |
|
| 651 |
_aRepública Dominicana _xHistoria _vNovela _912380 |
||
| 700 | 1 |
_aCassá, Roberto, _epresentador _974080 _4pr. |
|
| 700 | 1 |
_aCordero, Orlando _eedición _4ed. _9593 |
|
| 910 | _aYL/Validado. Control de calidad MFF | ||
| 942 |
_2ddc _cLBS1 |
||
| 999 |
_c49661 _d49661 |
||